000
00304cam a2200121ua 4500
020
_a
0-408-01186-6
082
_a
621.822
_b
WEL/PL
100
_a
Welsh, R.J .
_9
1485
245
_a
Plain Bearing Design Handbook /
260
_a
London :
_b
Butterworth Scientific ,
_c
1983.
300
_a
162 ; .
942
_c
REF
999
_c
7192
_d
7192